<?xml version="1.0" encoding="UTF-8"?>
<record
    xmlns:xsi="http://www.w3.org/2001/XMLSchema-instance"
    xsi:schemaLocation="http://www.loc.gov/MARC21/slim http://www.loc.gov/standards/marcxml/schema/MARC21slim.xsd"
    xmlns="http://www.loc.gov/MARC21/slim">

  <leader>01199nam a2200181Ia 4500</leader>
  <controlfield tag="008">151202s9999||||xx |||||||||||||| ||und||</controlfield>
  <datafield tag="082" ind1=" " ind2=" ">
    <subfield code="b">PNVM-122828</subfield>
  </datafield>
  <datafield tag="100" ind1=" " ind2=" ">
    <subfield code="a">&#x938;&#x902;&#x92A;&#x93E;-&#x92A;&#x93E;&#x923;&#x94D;&#x921;&#x947;&#x92F; &#x91C;&#x928;&#x93E;&#x930;&#x94D;&#x926;&#x928;&#x936;&#x93E;&#x938;&#x94D;&#x924;&#x94D;&#x930;&#x940;.</subfield>
  </datafield>
  <datafield tag="245" ind1=" " ind2=" ">
    <subfield code="a">&#x92C;&#x917;&#x932;&#x93E;&#x92E;&#x941;&#x916;&#x940;&#x938;&#x94D;&#x924;&#x94B;&#x924;&#x94D;&#x930;&#x92E;&#x94D; &#x915;&#x935;&#x91A; &#x938;&#x939;&#x93F;&#x924;&#x92E;&#x94D; &#x930;&#x941;&#x926;&#x94D;&#x930;&#x92F;&#x93E;&#x92E;&#x932;&#x93E;&#x928;&#x94D;&#x924;&#x930;&#x94D;&#x917;&#x924;&#x92E;&#x94D; &#x938;&#x902;&#x938;&#x94D;&#x915;&#x943;&#x924; &#x906;&#x921;&#x935;&#x940; &#x92A;&#x94B;&#x925;&#x940;.</subfield>
  </datafield>
  <datafield tag="260" ind1=" " ind2=" ">
    <subfield code="b">"&#x92D;&#x93E;&#x930;&#x94D;&#x917;&#x935; &#x92C;&#x941;&#x915;&#x921;&#x93F;&#x92A;&#x94B;,&#x91A;&#x94C;&#x915; &#x935;&#x93E;&#x930;&#x93E;&#x923;&#x938;&#x940;."</subfield>
  </datafield>
  <datafield tag="260" ind1=" " ind2=" ">
    <subfield code="c">1960</subfield>
  </datafield>
  <datafield tag="300" ind1=" " ind2=" ">
    <subfield code="a">20</subfield>
  </datafield>
  <datafield tag="600" ind1=" " ind2=" ">
    <subfield code="a">&#x938;&#x902;&#x92A;&#x93E;-&#x92A;&#x93E;&#x923;&#x94D;&#x921;&#x947;&#x92F; &#x91C;&#x928;&#x93E;&#x930;&#x94D;&#x926;&#x928;&#x936;&#x93E;&#x938;&#x94D;&#x924;&#x94D;&#x930;&#x940;.</subfield>
  </datafield>
  <datafield tag="630" ind1=" " ind2=" ">
    <subfield code="a">&#x92C;&#x917;&#x932;&#x93E;&#x92E;&#x941;&#x916;&#x940;&#x938;&#x94D;&#x924;&#x94B;&#x924;&#x94D;&#x930;&#x92E;&#x94D; &#x915;&#x935;&#x91A; &#x938;&#x939;&#x93F;&#x924;&#x92E;&#x94D; &#x930;&#x941;&#x926;&#x94D;&#x930;&#x92F;&#x93E;&#x92E;&#x932;&#x93E;&#x928;&#x94D;&#x924;&#x930;&#x94D;&#x917;&#x924;&#x92E;&#x94D; &#x938;&#x902;&#x938;&#x94D;&#x915;&#x943;&#x924; &#x906;&#x921;&#x935;&#x940; &#x92A;&#x94B;&#x925;&#x940;.</subfield>
  </datafield>
  <datafield tag="700" ind1=" " ind2=" ">
    <subfield code="a">&#x938;&#x902;&#x92A;&#x93E;-&#x92A;&#x93E;&#x923;&#x94D;&#x921;&#x947;&#x92F; &#x91C;&#x928;&#x93E;&#x930;&#x94D;&#x926;&#x928;&#x936;&#x93E;&#x938;&#x94D;&#x924;&#x94D;&#x930;&#x940;.</subfield>
  </datafield>
  <datafield tag="730" ind1=" " ind2=" ">
    <subfield code="a">&#x92C;&#x917;&#x932;&#x93E;&#x92E;&#x941;&#x916;&#x940;&#x938;&#x94D;&#x924;&#x94B;&#x924;&#x94D;&#x930;&#x92E;&#x94D; &#x915;&#x935;&#x91A; &#x938;&#x939;&#x93F;&#x924;&#x92E;&#x94D; &#x930;&#x941;&#x926;&#x94D;&#x930;&#x92F;&#x93E;&#x92E;&#x932;&#x93E;&#x928;&#x94D;&#x924;&#x930;&#x94D;&#x917;&#x924;&#x92E;&#x94D; &#x938;&#x902;&#x938;&#x94D;&#x915;&#x943;&#x924; &#x906;&#x921;&#x935;&#x940; &#x92A;&#x94B;&#x925;&#x940;.</subfield>
  </datafield>
  <datafield tag="942" ind1=" " ind2=" ">
    <subfield code="c">BOOK</subfield>
  </datafield>
  <datafield tag="999" ind1=" " ind2=" ">
    <subfield code="c">1352957</subfield>
    <subfield code="d">1352954</subfield>
  </datafield>
  <datafield tag="952" ind1=" " ind2=" ">
    <subfield code="0">0</subfield>
    <subfield code="1">0</subfield>
    <subfield code="4">0</subfield>
    <subfield code="7">0</subfield>
    <subfield code="a">PNVM</subfield>
    <subfield code="b">PNVM</subfield>
    <subfield code="d">2015-06-21</subfield>
    <subfield code="g">0.00</subfield>
    <subfield code="l">0</subfield>
    <subfield code="o">PNVM-122828</subfield>
    <subfield code="p">PNVM-122828</subfield>
    <subfield code="r">2015-12-02 00:00:00</subfield>
    <subfield code="v">0.00</subfield>
    <subfield code="w">2015-12-02</subfield>
    <subfield code="y">BOOK</subfield>
  </datafield>
</record>
